| 000 | 01173cam a2200205 4500 | ||
|---|---|---|---|
| 001 | WB3930-10 | ||
| 008 | 030805n2003 000 0 eng u | ||
| 035 | _a(Sirsi) u123187 | ||
| 245 | _aEconomic instruments to improve energy efficiency | ||
| 260 | _c2003 | ||
| 490 |
_aHM Treasury Press Release _v(96) 1 August 2003 (1) |
||
| 520 | _aA consultation document looking at the impacts and effectiveness of specific economic instruments to improve household energy efficiency has been published. "Economic instruments to improve household energy efficiency: consultation document on specific measures" builds on responses from a previous consultation in July 2002 and the Energy White Paper. Consultation deadline is 24 October 2003. Consultation paper available at www.hm-treasury.gov.uk/consultations_and_legislation/energy/consult_energy03_index.cfm. www.hm-treasury.gov.uk/newsroom_and_speeches/press/2003/press_96_03.cfm | ||
| 590 | _aWB | ||
| 650 | _aDOMESTIC ENERGY | ||
| 650 | _aENERGY WHITE PAPER | ||
| 650 | _aECONOMIC INSTRUMENTS | ||
| 650 | _aHOUSEHOLDS | ||
| 690 | _aENVIRONMENTAL AND LAND CONSULTANCY-ENERGY-ENERGY USE-ENERGY EFFICIENCY | ||
| 942 | _n0 | ||
| 999 |
_c73161 _d73161 |
||